[Event "24th Bosnjaci Open 2019"]
[Site "Bosnjaci"]
[Date "2019.01.08"]
[Round "8.22"]
[White "Mesic, Ismet"]
[Black "Jergovic, Andrija"]
[Result "0-1"]
[WhiteElo "1757"]
[BlackElo "2012"]
[Annotator "NA"]
[PlyCount "102"]
[EventDate "2019.01.03"]
[EventType "swiss"]
[EventCountry "CRO"]
[SourceTitle "playchess.com"]
[Source "ChessBase"]
[SourceQuality "1"]
[TimeControl "5400+30"]

{[%evp 8,99,17,32767,32767,32767,32767,32767,32767,32767,32767,32767,32767,32767,32767,32767,32767,32767,32767,32767,32767,32767,32767,32767,0,0,19,-5,-9,-19,-6,-1,20,-13,32767,32767,32767,0,14,14,83,50,65,31,53,20,39,36,45,19,43,-16,0,-18,32,32767,32767,32767,0,0,32767,32767,32767,32767,32767,-40,-19,-63,0,0,0,0,10,20,0,0,0,0,32767,32767,32767,32767,-599,-550,-655,-5181,-2058,-29991,-29989,-29989,-29990,-29990,-29991,-29991]} 1. d4 {[%emt 0:00:30]} Nf6 {[%emt 0:00:30]} 2. Nf3 {[%emt 0:00:00]} e6 {[%emt 0:00:30]} 3. c4 {[%emt 0:00:00]} b6 {[%emt 0:00:30]} 4. Nc3 {[%emt 0:00:30]} Bb7 {[%emt 0:00:30] LiveBook: 3992 Games} 5. Bg5 {[%emt 0:00:30]} Be7 {[%emt 0:00:00]} 6. e3 {[%emt 0:00:30]} O-O {[%emt 0:00:00]} 7. Be2 {[%emt 0:00:30]} d6 {[%emt 0:00:00]} 8. O-O {[%emt 0:00:30] E12: Queen's Indian: Unusual White 4th moves, 4 a3, 4 Nc3 Bb7 5 a3 and 4 Nc3 Bb7} Nbd7 {[%emt 0:00:00]} 9. Rc1 {[%emt 0:00:30]} (9. Qc2 Rc8 10. Rad1 c5 11. d5 exd5 12. cxd5 Re8 13. e4 Ng4 14. Bf4 f6 {1-0 (30) Aloma Vidal,R (2440)-Frick,R (2062) Klaksvik 2018}) 9... c5 {[%emt 0:00:30]} 10. b3 {[%emt 0:02:30]} Re8 $146 {[%emt 0:00:30]} ({Predecessor:} 10... Rc8 11. Qc2 Rc7 12. Rfd1 Qa8 13. Nh4 h6 14. Bxf6 Bxf6 {½-½ (85) Winter,R (1523)-Strotmann,H (1599) Germany 2005}) 11. Nd2 {[%emt 0:13:30]} h6 {[%emt 0:01:30]} 12. Bh4 {[%emt 0:00:30]} Rc8 {[%emt 0:01:30]} 13. Bf3 {[%emt 0:02:30]} Qc7 {[%emt 0:00:30]} 14. Bxb7 {[%emt 0:02:30]} Qxb7 {[%emt 0:00:00]} 15. Nf3 {[%emt 0:00:30]} Bf8 {[%emt 0:01:00]} 16. Bg3 {[%emt 0:02:30]} Nh5 {[%emt 0:00:30]} 17. Qe2 {[%emt 0:05:30]} Nxg3 {[%emt 0:00:30]} 18. hxg3 {[%emt 0:00:30]} Nf6 {[%emt 0:01:30]} 19. Rfd1 {[%emt 0:01:30]} Red8 {[%emt 0:00:30]} 20. Rc2 {[%emt 0:06:30]} a6 {[%emt 0:04:30]} 21. dxc5 {[%emt 0:02:30]} bxc5 {[%emt 0:00:30]} 22. e4 {[%emt 0:03:30]} Nd7 {[%emt 0:01:30]} 23. Rcd2 {[%emt 0:04:30]} f6 {[%emt 0:01:30]} (23... Qc7 $11) 24. g4 {[%emt 0:05:30]} Be7 {[%emt 0:01:30]} 25. Na4 {[%emt 0:07:30]} Nf8 {[%emt 0:00:30]} 26. Rd3 {[%emt 0:04:30]} Ng6 {[%emt 0:01:30]} 27. g3 {[%emt 0:00:30]} Kf7 {[%emt 0:01:30]} 28. Nc3 {[%emt 0:01:30]} Rh8 {[%emt 0:01:30]} 29. Nh4 {[%emt 0:08:30]} Ne5 {[%emt 0:00:30]} 30. R3d2 {[%emt 0:00:30]} Qb4 {[%emt 0:04:30]} 31. Na4 {[%emt 0:01:30]} Qb7 {[%emt 0:00:30]} 32. Nc3 {[%emt 0:00:30]} g5 {[%emt 0:02:30]} 33. Ng2 {[%emt 0:01:30]} h5 {[%emt 0:01:30]} 34. Ne3 {[%emt 0:03:49]} h4 {[%emt 0:01:30]} 35. f4 {[%emt 0:03:16]} Nc6 {[%emt 0:00:30]} 36. fxg5 {[%emt 0:01:29]} hxg3 {[%emt 0:00:30]} 37. Qf3 {[%emt 0:00:54]} (37. gxf6 $11 Bxf6 38. Qf3 (38. Rxd6 Bd4 $17)) 37... Ne5 {[%emt 0:05:30]} (37... Nd4 $5 {[%cal Rd4f3]} 38. Qxg3 fxg5 $15) 38. Qf4 $1 {[%emt 0:03:05]} Qb4 {[%emt 0:16:30] [#]} 39. Ncd5 $1 {[%emt 0:01:26]} exd5 {[%emt 0:00:30]} 40. Nxd5 {[%emt 0:00:02]} Qb7 {[%emt 0:01:30]} 41. Nxe7 {[%emt 0:02:37]} Qxe7 {[%emt 0:00:00]} 42. Rxd6 {[%emt 0:00:37] Double Attack} Rc6 {[%emt 0:02:00]} 43. Rxc6 {[%emt 0:03:17]} Nxc6 {[%emt 0:00:30]} 44. Rd6 {[%emt 0:00:10]} Nd4 {[%emt 0:00:30]} 45. Rxf6+ {[%emt 0:05:08]} Kg7 {[%emt 0:01:30]} 46. Qe3 {[%emt 0:01:11]} Qe5 {[%emt 0:10:30]} 47. Rxa6 {[%emt 0:00:53]} Rh2 {[%emt 0:00:30]} 48. Ra7+ {[%emt 0:00:15]} Kf8 {[%emt 0:01:30]} 49. Ra8+ {[%emt 0:01:02]} Ke7 {[%emt 0:01:30]} 50. Ra7+ {[%emt 0:00:33]} Kd8 {[%emt 0:00:30]} 51. Qd3 {[%emt 0:00:16]} Kc8 {[%emt 0:00:30]} 0-1

[Event "24th Bosnjaci Open 2019"]
[Site "Bosnjaci"]
[Date "2019.01.08"]
[Round "8.23"]
[White "Podobnik, Eugen"]
[Black "Radovic, Sinisa"]
[Result "0-1"]
[WhiteElo "1526"]
[BlackElo "1955"]
[Annotator "NA RC"]
[PlyCount "50"]
[EventDate "2019.01.03"]
[EventType "swiss"]
[EventCountry "CRO"]
[SourceTitle "playchess.com"]
[Source "ChessBase"]
[SourceQuality "1"]
[TimeControl "5400+30"]

{[%evp 20,40,-104,32767,32767,-172,-185,-190,-182,-179,-174,-180,-183,-183,-193,-233,-229,-212,-224,-239,32767,-271,-232]} 1. e4 {[%emt 0:00:30]} c5 {[%emt 0:09:30]} 2. Nf3 {[%emt 0:00:30]} d6 {[%emt 0:00:30]} 3. c3 {[%emt 0:01:30]} Nf6 {[%emt 0:01:30]} 4. d3 {[%emt 0:02:30]} g6 {[%emt 0:00:00]} 5. Bg5 {[%emt 0:00:30] B50: Sicilian: 2...d6, Miscellaneous} (5. g3 Bg7 6. Bg2 O-O 7. O-O Nc6 8. Re1 e5 9. a3 h6 10. b4 a6 11. Bb2 Be6 12. Nbd2 Qc7 13. Rc1 cxb4 14. cxb4 Qe7 15. d4 exd4 16. Nxd4 Nxd4 17. Bxd4 Rac8 18. e5 Rxc1 19. Qxc1 {0-1 (40) Markovic,M (2448)-Ivic,V (2456) Valjevo 2018}) 5... Bg7 {[%emt 0:00:00]} 6. Be2 {[%emt 0:00:30]} h6 {[%emt 0:00:30]} 7. Bh4 {[%emt 0:01:30]} Nc6 {[%emt 0:00:30]} 8. Nbd2 {[%emt 0:04:30]} Nh5 $146 {[%emt 0:01:30]} ({Predecessor:} 8... O-O 9. O-O Qb6 10. Rb1 e5 11. b4 cxb4 12. cxb4 Be6 {1-0 (35) Nicholson,J (2021)-Doell,D (2148) Les Dicqs 2002}) 9. Nb3 {[%emt 0:04:30]} Nf4 {[%emt 0:01:30]} 10. Bg3 {[%emt 0:01:30]} Nxg2+ {[%emt 0:01:30]} 11. Kd2 {[%emt 0:02:30]} h5 {[%emt 0:00:30]} 12. h4 {[%emt 0:01:30]} Bh6+ {[%emt 0:00:30]} 13. Kc2 {[%emt 0:00:30]} Nf4 {[%emt 0:00:00]} 14. Bxf4 {[%emt 0:01:30]} Bxf4 {[%emt 0:00:00]} 15. d4 {[%emt 0:00:30]} cxd4 {[%emt 0:01:30]} 16. Nfxd4 {[%emt 0:00:30]} Bd7 {[%emt 0:01:30]} 17. Qd3 {[%emt 0:01:30]} Ne5 {[%emt 0:02:30]} 18. Qd1 {[%emt 0:03:30]} a6 {[%emt 0:00:00]} 19. Nf3 {[%emt 0:01:30]} Qc7 {[%emt 0:02:00]} 20. Ng5 $19 {[%emt 0:00:30]} O-O-O {[%emt 0:05:30]} 21. Nd2 {[%emt 0:04:30]} Kb8 {[%emt 0:00:30]} 22. Ndf3 {[%emt 0:00:30]} Rc8 {[%emt 0:01:30]} 23. Nxe5 {[%emt 0:00:30]} Ba4+ {[%emt 0:00:30]} 24. b3 {[%emt 0:00:30]} Qxc3+ {[%emt 0:00:30]} 25. Kb1 {[%emt 0:00:30]} Bxe5 {[%emt 0:00:30]} 0-1

[Event "24th Bosnjaci Open 2019"]
[Site "Bosnjaci"]
[Date "2019.01.08"]
[Round "8.24"]
[White "Golub, Nikolina"]
[Black "Maroslavac, Ivana"]
[Result "1/2-1/2"]
[WhiteElo "1925"]
[BlackElo "1637"]
[Annotator "NA"]
[PlyCount "89"]
[EventDate "2019.01.03"]
[EventType "swiss"]
[EventCountry "CRO"]
[SourceTitle "playchess.com"]
[Source "ChessBase"]
[SourceQuality "1"]
[TimeControl "5400+30"]

1. d4 {[%emt 0:00:30]} Nf6 {[%emt 0:00:30]} 2. Nf3 {[%emt 0:00:00]} e6 {[%emt 0:00:00]} 3. Bf4 {[%emt 0:00:00]} Be7 {[%emt 0:02:00]} 4. Nbd2 {[%emt 0:00:00]} d5 {[%emt 0:02:30]} 5. e3 {[%emt 0:00:00]} O-O {[%emt 0:00:30]} 6. h3 {[%emt 0:00:30] D02: 1 d4 d5 2 Nf3 sidelines, including 2...Nf6 3 g3 and 2...Nf6 3 Bf4} b6 {[%emt 0:02:30]} (6... c5 7. c3 b6 8. Bd3 Ba6 9. Bxa6 Nxa6 10. O-O Nb8 11. Qe2 Nc6 12. Rad1 cxd4 13. exd4 Nd7 14. Rfe1 Re8 15. Bg3 a6 16. a4 {1-0 (39) Alekseenko,K (2561)-Eliseev,U (2602) Loo 2016}) 7. Bd3 {[%emt 0:00:00]} h6 {[%emt 0:03:30]} 8. O-O {[%emt 0:00:00]} Nbd7 {[%emt 0:02:30]} 9. e4 $146 {[%emt 0:02:30]} ({Predecessor:} 9. Ne5 Nxe5 10. dxe5 Nd7 11. c3 Bb7 12. Qg4 Bg5 13. Bg3 {1-0 (25) Baur,H (1865)-Baier,P (1712) Bad Neuenahr 2014}) 9... dxe4 {[%emt 0:01:30]} 10. Nxe4 {[%emt 0:01:30]} Bb7 {[%emt 0:01:30]} 11. Nxf6+ {[%emt 0:02:30]} Nxf6 {[%emt 0:00:30]} 12. c3 {[%emt 0:01:30]} c5 {[%emt 0:02:30]} 13. dxc5 {[%emt 0:02:30]} Bxc5 {[%emt 0:00:30]} 14. Qe2 {[%emt 0:02:30]} Qe7 {[%emt 0:05:30]} 15. Rad1 {[%emt 0:04:30]} Rfd8 {[%emt 0:01:30]} 16. Rd2 {[%emt 0:02:30]} Bd6 {[%emt 0:07:30]} 17. Bxd6 {[%emt 0:00:30]} Rxd6 {[%emt 0:00:30]} 18. Nd4 {[%emt 0:07:30]} Qf8 {[%emt 0:08:30]} 19. Rfd1 {[%emt 0:08:30]} Rad8 {[%emt 0:01:30]} 20. Nb5 {[%emt 0:13:30]} R6d7 {[%emt 0:02:30]} 21. c4 {[%emt 0:00:30]} (21. Bc4 $11 {remains equal.}) 21... a6 {[%emt 0:06:30]} 22. Nc3 {[%emt 0:00:00]} Qe7 {[%emt 0:01:30]} 23. Qe3 {[%emt 0:01:00]} Rd6 {[%emt 0:08:30]} 24. Bf1 {[%emt 0:09:30]} Rxd2 {[%emt 0:00:30]} 25. Rxd2 {[%emt 0:00:00]} Rxd2 {[%emt 0:00:30]} 26. Qxd2 {[%emt 0:00:00]} Qd7 {[%emt 0:04:30]} 27. Qe3 {[%emt 0:04:30]} Qc6 {[%emt 0:00:30]} 28. f3 {[%emt 0:01:30]} Qc5 {[%emt 0:02:30]} 29. Qxc5 {[%emt 0:00:30]} bxc5 {[%emt 0:00:30]} 30. Bd3 {[%emt 0:01:30]} Kf8 {[%emt 0:00:00]} 31. a3 {[%emt 0:03:30]} a5 {[%emt 0:03:00]} 32. Kf2 {[%emt 0:04:30]} Ke7 {[%emt 0:00:30]} 33. Ke3 {[%emt 0:01:30]} Bc6 $11 {[%emt 0:02:30]} 34. Bc2 {[%emt 0:02:30]} Nd7 {[%emt 0:01:30]} 35. Nb1 {[%emt 0:04:30]} Nb6 {[%emt 0:02:30]} 36. Nd2 {[%emt 0:00:00]} Kd6 {[%emt 0:01:30]} 37. Bd3 {[%emt 0:02:00]} Na4 {[%emt 0:03:55]} 38. Nb3 {[%emt 0:03:30]} Nxb2 {[%emt 0:00:30]} 39. Nxa5 {[%emt 0:00:30]} Nxd3 {[%emt 0:00:30]} 40. Nxc6 {[%emt 0:00:30]} Ne1 {[%emt 0:00:30]} 41. Nd8 {[%emt 0:00:30]} Nxg2+ {[%emt 0:00:30]} 42. Kf2 {[%emt 0:00:30]} Nf4 {[%emt 0:00:30]} 43. Nxf7+ {[%emt 0:00:30]} Ke7 {[%emt 0:00:30]} 44. Ne5 {[%emt 0:00:30]} Nxh3+ {[%emt 0:00:30]} 45. Kg3 {[%emt 0:00:30]} 1/2-1/2

[Event "24th Bosnjaci Open 2019"]
[Site "Bosnjaci"]
[Date "2019.01.09"]
[Round "9.1"]
[White "Zaja, Ivan"]
[Black "Muratovic, Efim"]
[Result "1/2-1/2"]
[WhiteElo "2458"]
[BlackElo "2389"]
[Annotator "TA"]
[PlyCount "23"]
[EventDate "2019.01.03"]
[EventType "swiss"]
[EventCountry "CRO"]
[SourceTitle "playchess.com"]
[Source "ChessBase"]
[SourceQuality "1"]

{[%evp 22,23,42,28]} 1. d4 $146 Nf6 2. Bg5 Ne4 3. Bf4 c5 4. d5 Qa5+ 5. c3 d6 6. f3 Nf6 7. e4 g6 8. Na3 Nbd7 {A45: Trompowsky Attack} 9. Nc4 Qc7 10. a4 Bg7 11. Bd3 O-O 12. Ne2 {LiveBook: 3 Games} 1/2-1/2

[Event "24th Bosnjaci Open 2019"]
[Site "Bosnjaci"]
[Date "2019.01.09"]
[Round "9.2"]
[White "Bobanac, Miro"]
[Black "Fercec, Nenad"]
[Result "0-1"]
[WhiteElo "2308"]
[BlackElo "2451"]
[Annotator "ChessBase"]
[PlyCount "84"]
[EventDate "2019.01.03"]
[EventType "swiss"]
[EventCountry "CRO"]
[SourceTitle "playchess.com"]
[Source "ChessBase"]
[SourceQuality "1"]
[TimeControl "5400+30"]

1. Nf3 {[%emt 0:00:30]} Nf6 {[%emt 0:01:30]} 2. e3 {[%emt 0:00:30]} g6 {[%emt 0:01:30]} 3. b4 {[%emt 0:01:30]} Bg7 {[%emt 0:00:30]} 4. Bb2 {[%emt 0:00:30]} O-O {[%emt 0:00:30]} 5. Be2 {[%emt 0:02:30]} d6 {[%emt 0:01:30]} 6. O-O {[%emt 0:00:30]} e5 {[%emt 0:00:30]} 7. d3 {[%emt 0:01:30]} Nc6 {[%emt 0:01:30]} 8. a3 {[%emt 0:01:30]} a6 {[%emt 0:02:30]} 9. Nbd2 {[%emt 0:02:30]} Re8 {[%emt 0:00:00]} 10. c4 {[%emt 0:00:30]} b6 {[%emt 0:02:00]} 11. Qc2 {[%emt 0:05:30]} h6 {[%emt 0:01:30]} 12. Rac1 {[%emt 0:08:30]} Bd7 {[%emt 0:02:30]} 13. Rfd1 {[%emt 0:02:30]} Qe7 {[%emt 0:01:30]} 14. Nb3 {[%emt 0:14:30]} a5 {[%emt 0:09:30]} 15. Bc3 {[%emt 0:07:30]} axb4 {[%emt 0:04:30]} 16. axb4 {[%emt 0:00:00]} Ra4 {[%emt 0:02:30]} 17. b5 {[%emt 0:03:00]} Nb4 {[%emt 0:01:30]} 18. Bxb4 {[%emt 0:05:30]} Rxb4 {[%emt 0:01:30]} 19. e4 {[%emt 0:00:00]} c6 {[%emt 0:05:30]} 20. bxc6 {[%emt 0:02:00]} Bxc6 {[%emt 0:00:00]} 21. Qc3 {[%emt 0:00:00]} Ra4 {[%emt 0:01:00]} 22. Ra1 {[%emt 0:00:00]} Rea8 {[%emt 0:00:00]} 23. Rxa4 {[%emt 0:00:30]} Rxa4 {[%emt 0:00:00]} 24. Ra1 {[%emt 0:00:00]} Qa7 {[%emt 0:01:30]} 25. Rxa4 {[%emt 0:04:00]} Qxa4 {[%emt 0:00:30]} 26. Nfd2 {[%emt 0:00:00]} Nd7 {[%emt 0:00:30]} 27. g3 {[%emt 0:13:00]} h5 {[%emt 0:01:30]} 28. Bd1 {[%emt 0:03:30]} Bh6 {[%emt 0:04:30]} 29. Bc2 {[%emt 0:00:30]} Qa3 {[%emt 0:03:30]} 30. Nb1 {[%emt 0:12:26]} Qa2 {[%emt 0:02:30]} 31. N3d2 {[%emt 0:00:31]} Nc5 {[%emt 0:02:30]} 32. Kf1 {[%emt 0:01:00]} b5 {[%emt 0:17:30]} 33. cxb5 {[%emt 0:03:09]} Bxb5 {[%emt 0:00:30]} 34. Kg2 {[%emt 0:00:14]} Qa6 {[%emt 0:00:30]} 35. d4 {[%emt 0:00:37]} exd4 {[%emt 0:03:30]} 36. Qxd4 {[%emt 0:00:12]} Qa2 {[%emt 0:01:30]} 37. Bd1 {[%emt 0:01:40]} Bd3 {[%emt 0:01:30]} 38. Qxd6 {[%emt 0:03:53]} Bxd2 {[%emt 0:01:30]} 39. Nxd2 {[%emt 0:01:05]} Qxd2 {[%emt 0:00:30]} 40. Qd8+ {[%emt 0:01:40]} Kh7 {[%emt 0:02:34]} 41. Qe7 {[%emt 0:00:21]} Bxe4+ {[%emt 0:00:26]} 42. Kh3 {[%emt 0:00:24]} Qxf2 {[%emt 0:00:40]} 0-1

[Event "24th Bosnjaci Open 2019"]
[Site "Bosnjaci"]
[Date "2019.01.09"]
[Round "9.3"]
[White "Zovko, Mario"]
[Black "Beletic, Daniel"]
[Result "1/2-1/2"]
[WhiteElo "2318"]
[BlackElo "2371"]
[Annotator "NA"]
[PlyCount "37"]
[EventDate "2019.01.03"]
[EventType "swiss"]
[EventCountry "CRO"]
[SourceTitle "playchess.com"]
[Source "ChessBase"]
[SourceQuality "1"]
[TimeControl "5400+30"]

{[%evp 12,36,30,33,45,32767,32767,29,42,25,37,27,31,-18,32767,32767,32767,-4,32767,-2,6,32767,-7,0,0,0,0]} 1. e4 {[%emt 0:00:30]} g6 {[%emt 0:00:30]} 2. d4 {[%emt 0:00:30]} Bg7 {[%emt 0:00:30]} 3. c3 {[%emt 0:00:30]} d6 {[%emt 0:01:30]} 4. Bd3 {[%emt 0:01:30]} Nf6 {[%emt 0:04:30]} 5. Nf3 {[%emt 0:03:30]} O-O {[%emt 0:00:30]} 6. O-O {[%emt 0:00:00]} Nbd7 {[%emt 0:02:30]} 7. Re1 {[%emt 0:01:00]} e5 {[%emt 0:00:30]} 8. Nbd2 {[%emt 0:01:30]} b6 {[%emt 0:00:30]} 9. a4 {[%emt 0:06:30]} a6 {[%emt 0:01:30] LiveBook: 24 Games B07: Pirc Defence: Miscellaneous Systems} 10. b3 {[%emt 0:03:30]} Re8 {[%emt 0:00:00]} 11. d5 {[%emt 0:03:30]} Bb7 $146 {[%emt 0:00:00]} ({Predecessor:} 11... Bh6 12. b4 Nh5 13. a5 Ng7 14. axb6 cxb6 15. c4 Bb7 16. Nb3 Bxc1 17. Qxc1 {1-0 (37) Oratovsky,M (2485)-Petran,P (2325) Cappelle-la-Grande 1996}) 12. Nf1 {[%emt 0:00:30]} (12. Bf1 $14) 12... c6 {[%emt 0:15:30]} 13. c4 {[%emt 0:06:30]} Nc5 {[%emt 0:06:30]} 14. Bc2 {[%emt 0:09:30]} a5 {[%emt 0:06:30]} 15. Ba3 {[%emt 0:07:30]} Bh6 {[%emt 0:03:30]} 16. Bc1 {[%emt 0:07:30]} Bxc1 {[%emt 0:03:30]} 17. Rxc1 {[%emt 0:03:30]} Kg7 {[%emt 0:01:30]} 18. Ng3 $1 {[%emt 0:05:30]} Rc8 $11 {[%emt 0:14:30]} 19. h3 {[%emt 0:05:30]} 1/2-1/2

[Event "24th Bosnjaci Open 2019"]
[Site "Bosnjaci"]
[Date "2019.01.09"]
[Round "9.4"]
[White "Klasan, Vladimir"]
[Black "Muha, Miljenko"]
[Result "1/2-1/2"]
[WhiteElo "2364"]
[BlackElo "2310"]
[Annotator "NA"]
[PlyCount "45"]
[EventDate "2019.01.03"]
[EventType "swiss"]
[EventCountry "CRO"]
[SourceTitle "playchess.com"]
[Source "ChessBase"]
[SourceQuality "1"]
[TimeControl "5400+30"]

1. e4 {[%emt 0:00:30]} e6 {[%emt 0:00:30]} 2. d4 {[%emt 0:00:00]} d5 {[%emt 0:00:30]} 3. Bd3 {[%emt 0:00:00]} dxe4 {[%emt 0:01:30]} 4. Bxe4 {[%emt 0:00:30]} Nf6 {[%emt 0:00:30]} 5. Bf3 {[%emt 0:00:00]} c5 {[%emt 0:01:30]} 6. Ne2 {[%emt 0:00:00]} Nc6 {[%emt 0:01:30] C01: French: Exchange Variation} 7. c3 {[%emt 0:00:30]} (7. Be3 Nd5 8. Bxd5 Qxd5 9. Nbc3 Qxg2 10. Rg1 Qf3 11. Nb5 Rb8 12. dxc5 Bd7 13. Nc7+ Kd8 14. Nb5 {0-1 (54) Kramnik,V (2808)-Caruana,F (2808) Stavanger 2017}) 7... Be7 {[%emt 0:02:30]} 8. O-O {[%emt 0:00:30]} O-O {[%emt 0:00:30]} 9. h3 $146 {[%emt 0:00:00]} ({Predecessor:} 9. Re1 Bd7 10. Bg5 cxd4 11. Nxd4 {½-½ (11) Bezgodov,A (2543)-Dolmatov,S (2587) Elista 2001}) 9... cxd4 {[%emt 0:06:30]} 10. Nxd4 {[%emt 0:16:00]} Nxd4 {[%emt 0:07:30]} 11. Qxd4 {[%emt 0:05:30]} Qxd4 {[%emt 0:10:30]} 12. cxd4 {[%emt 0:00:30]} Rd8 {[%emt 0:01:30]} 13. Rd1 {[%emt 0:00:30]} Rb8 {[%emt 0:12:30]} 14. Nc3 {[%emt 0:02:30]} b6 {[%emt 0:00:30]} 15. Bf4 {[%emt 0:12:30]} Bd6 {[%emt 0:00:30]} 16. Bxd6 {[%emt 0:01:30]} Rxd6 {[%emt 0:00:00]} 17. d5 {[%emt 0:04:30]} exd5 {[%emt 0:12:00]} 18. Nxd5 {[%emt 0:00:30]} Nxd5 {[%emt 0:00:30]} 19. Bxd5 {[%emt 0:02:30]} Rd7 {[%emt 0:01:30]} 20. Bb3 {[%emt 0:03:30]} Rbb7 $11 {[%emt 0:01:30]} 21. Rac1 {[%emt 0:11:30]} Rxd1+ {[%emt 0:01:30]} 22. Bxd1 {[%emt 0:03:30]} Be6 {[%emt 0:00:30]} 23. Bb3 {[%emt 0:01:30]} 1/2-1/2

[Event "24th Bosnjaci Open 2019"]
[Site "Bosnjaci"]
[Date "2019.01.09"]
[Round "9.5"]
[White "Sale, Srdjan"]
[Black "Zufic, Miroslav"]
[Result "0-1"]
[WhiteElo "2446"]
[BlackElo "2389"]
[Annotator "TA"]
[PlyCount "66"]
[EventDate "2019.01.03"]
[EventType "swiss"]
[EventCountry "CRO"]
[SourceTitle "playchess.com"]
[Source "ChessBase"]
[SourceQuality "1"]

{[%evp 16,66,65,24,35,19,58,48,41,36,28,-23,-22,-12,-10,-8,20,-9,-5,-9,0,-4,0,-22,-22,-22,-22,-30,-25,-22,20,-38,-38,-37,-38,-67,-56,-254,-60,-75,-67,-380,-383,-356,-376,-613,-600,-1243,-1238,-1210,-1222,-1167,-1161]} 1. Nf3 g6 2. e4 Bg7 3. d4 d6 4. c3 Nf6 5. Bd3 O-O 6. O-O Nc6 7. Re1 e5 8. h3 h6 9. Nbd2 {LiveBook: 21 Games. B07: Pirc Defence: Miscellaneous Systems} Nd7 {[%cal Re5d4]} 10. Nb3 f5 $146 ({Predecessor:} 10... Re8 11. a4 exd4 12. cxd4 Nb4 13. Bb1 a5 14. Bd2 b6 15. Bc3 d5 16. e5 {0-1 (60) Kromhout,E (2065)-Hansen,E (2593) Durban 2014}) 11. exf5 {White is slightly better.} gxf5 12. dxe5 dxe5 {[%cal Bd6e5,Be5e4][%mdl 32]} 13. Qc2 (13. Bc2 $142) 13... e4 $11 14. Bc4+ Kh8 15. Nfd4 Nde5 16. Bf1 (16. Nxc6 {keeps more tension.} Nxc6 17. Bf4 Ne5 18. Rad1 Qh4 19. Bxe5 Bxe5 20. Qd2) 16... Nxd4 17. cxd4 Ng6 18. Bd2 Be6 19. Bc4 Re8 20. Rad1 c6 21. Bxe6 Rxe6 22. f3 {[%cal Rf3e4]} Qd5 23. fxe4 (23. Nc5 $1 $11 Re7 24. fxe4 fxe4 25. Nxe4) 23... Rxe4 $15 24. Rxe4 fxe4 {[%cal Bf5e4,Be4e3,Be3e2][%mdl 32]} 25. Be3 Nh4 26. Bf2 $2 {[#]} (26. Qc5 $15) 26... Nf5 $2 (26... Nxg2 $1 $19 {[%mdl 512]} 27. Kxg2 e3+ 28. Kh2 exf2 29. Qxf2 Rf8) 27. g4 Nd6 28. Qc5 $2 {[%mdl 8192] [#]} (28. Nd2 $15) 28... e3 $1 $19 {[%cal Re3f2][%mdl 512]} 29. Bh4 {[#]} (29. Bxe3 Qf3) 29... Qf3 $1 {[%csl LRd1,LRh3][%cal Rf3d1]} 30. Rf1 $2 (30. Re1 Nc4 31. Qxc4 Qxh3 32. Qe6) 30... Qxh3 {Black is clearly winning.} 31. Qh5 e2 {[%csl Gh3][%cal Re2f1]} 32. Re1 Rf8 {( -> ...Rf1+)} 33. Bf2 Qf3 {Precision: White = 33%, Black = 68%.} 0-1

[Event "24th Bosnjaci Open 2019"]
[Site "Bosnjaci"]
[Date "2019.01.09"]
[Round "9.6"]
[White "Andrijevic, Milan"]
[Black "Kovacevic, Blazimir"]
[Result "0-1"]
[WhiteElo "2244"]
[BlackElo "2488"]
[Annotator "TA"]
[PlyCount "112"]
[EventDate "2019.01.03"]
[EventType "swiss"]
[EventCountry "CRO"]
[SourceTitle "playchess.com"]
[Source "ChessBase"]
[SourceQuality "1"]

{[%evp 22,112,24,16,23,0,12,0,12,-4,17,-7,-16,-22,-15,-8,-5,-12,-17,-15,-16,-25,0,0,0,0,0,0,0,0,14,14,14,0,0,0,16,23,13,0,0,-25,-29,-39,0,0,0,-16,0,-4,0,-8,-21,-51,-51,-51,-52,-52,-58,-53,-21,-24,-21,-21,-21,-66,-66,-100,-105,-148,-136,-145,-109,-160,-108,-108,-109,-109,-109,-109,-107,-108,-48,-58,0,-89,-106,-108,-108,-108,-108,-526,-526]} 1. e4 e6 2. d4 d5 3. exd5 exd5 4. Nf3 Bd6 5. c4 Nf6 6. Nc3 O-O 7. cxd5 Nbd7 8. Bg5 {C01: French: Exchange Variation} h6 9. Bh4 Nb6 10. Be2 (10. Ne5 Be7 11. Bd3 Nfxd5 12. Bxe7 Nxe7 13. O-O Bf5 14. Bxf5 Nxf5 15. Qf3 Nd6 {½-½ (43) Nisipeanu,L (2682)-Ragger,M (2666) Graz 2018}) 10... Be7 11. Bxf6 Bxf6 12. Qb3 {LiveBook: 3 Games} a5 13. a4 Qe7 14. O-O Bf5 15. Rac1 Qb4 16. Qxb4 axb4 17. Nb5 $146 Nxd5 {[%cal Bb6d5,Bd5f4,Bf4e2][%mdl 32]} 18. Nxc7 Nf4 19. Bb5 Rac8 20. Rfe1 Bd3 21. g3 Ne2+ (21... Bxb5 {with more complications.} 22. gxf4 Bxa4 23. Nd5 Bc6 24. Nxf6+ gxf6 25. Nh4 Rcd8) 22. Rxe2 Bxe2 23. Bxe2 {[#] Rc4 is the strong threat.} Bd8 24. Rc4 {And now Nd5 would win.} Rxc7 25. Rxb4 Be7 26. Rb5 Rd8 27. b3 Bf6 28. d5 Rc2 29. Bc4 Rd7 30. Rc5 Kf8 31. d6 Rxd6 32. Rc7 b6 33. Rxf7+ Ke8 34. Rb7 (34. Ra7 {looks sharper.} g5 35. h3 Bd4 36. Ra8+ Kd7 37. Ra7+) 34... Kd8 35. Kg2 Bc3 36. g4 g5 37. Rf7 Rf6 38. Rxf6 Bxf6 $15 {[%mdl 4096] Endgame KRB-KBN} 39. Ne1 Rd2 {[%mdl 1024] Black has compensation.} 40. Nd3 Bd4 41. Kg3 Ke7 42. h3 Kd6 43. f4 Re2 44. fxg5 hxg5 45. Kf3 Re3+ 46. Kg2 Bc3 47. Nc1 {[#]} (47. Nf2 $142 Be5 48. Kf1) 47... Be5 (47... Ke5 $142 $1 48. Ne2 Kf6) 48. Ne2 $17 Kc5 49. Ng1 Rg3+ 50. Kf2 Bf4 51. Bg8 Kb4 (51... Kc6 $17 52. Bf7 Kd7) 52. Bc4 $15 Kc5 53. Bg8 $1 Kc6 54. Bc4 Kd6 55. Bg8 Rc3 56. Bf7 $2 {[%mdl 8192]} (56. Kg2 $17) 56... Be3+ {Precision: White = 52%, Black = 68%.} 0-1